000 00319nam a2200133Ia 4500
005 20251222144749.0
008 251222s9999||||xx |||||||||||||| ||spa||
020 _a85-7526-007-3
082 _a868.903/P26
100 _aParreira Duarte, Lélia
245 0 _aOutras Margens.
264 _bBelo Horizonte
942 _cLIB
999 _c19281
_d19281